Discipler's manual. (Record no. 12686)

000 -LEADER
fixed length control field 00570nam a2200181 a 4500
001 - CONTROL NUMBER
control field :::00010500$&:&@@
003 - CONTROL NUMBER IDENTIFIER
control field OkBaRHE
005 - DATE AND TIME OF LATEST TRANSACTION
control field 20000607103359.0
008 - FIXED-LENGTH DATA ELEMENTS--GENERAL INFORMATION
fixed length control field s1980 j 000 0 eng u
040 ## - CATALOGING SOURCE
Transcribing agency
100 1# - MAIN ENTRY--PERSONAL NAME
Personal name Marsh, F. E. (Frederick Edward), 1858-1919.
245 10 - TITLE STATEMENT
Title Discipler's manual.
260 ## - PUBLICATION, DISTRIBUTION, ETC. (IMPRINT)
Place of publication, distribution, etc Grand Rapids, MI., :
Name of publisher, distributor, etc Kregel Publications
Date of publication, distribution, etc c1980
300 ## - PHYSICAL DESCRIPTION
Extent xii, 398 p. ;
Dimensions 23 cm.
650 ## - SUBJECT ADDED ENTRY--TOPICAL TERM
Topical term or geographic name as entry element Christian Life
942 ## - ADDED ENTRY ELEMENTS (KOHA)
Source of classification or shelving scheme
Koha item type Books
Copies
Permanent Location Shelving location Copy number Koha item type Withdrawn status Not for loan Source of classification or shelving scheme Barcode Damaged status Date acquired Lost status Price effective from Date last seen Full call number
RHEMA Bible Training CollegeGeneral Stacks1Books   10500 2010-04-14 2010-04-142010-04-14BV 4501 .M34646